[Event "18th CRO-chT"]
[Site "Sibenik CRO"]
[Date "2009.09.25"]
[Round "5.41"]
[White "Balogh, Csaba"]
[Black "Naiditsch, Arkadij"]
[Result "1/2-1/2"]
[WhiteElo "2620"]
[BlackElo "2685"]
[PlyCount "32"]
[EventDate "2009.09.21"]
[EventType "team"]
[EventRounds "9"]
[EventCountry "CRO"]

1. e4 e5 2. Nf3 Nc6 3. Bb5 a6 4. Ba4 Nf6 5. O-O Be7 6. Re1 b5 7. Bb3 O-O 8. c3
d6 9. h3 Nd7 10. d4 Bf6 11. a4 Bb7 12. Na3 exd4 13. cxd4 Nb6 14. Bf4 bxa4 15.
Bxa4 Nb4 16. Bb3 a5 1/2-1/2

[Event "18th CRO-chT"]
[Site "Sibenik CRO"]
[Date "2009.09.25"]
[Round "5.42"]
[White "Markus, Robert"]
[Black "Gyimesi, Zoltan"]
[Result "1/2-1/2"]
[WhiteElo "2608"]
[BlackElo "2594"]
[PlyCount "41"]
[EventDate "2009.09.21"]
[EventType "team"]
[EventRounds "9"]
[EventCountry "CRO"]

1. c4 e6 2. g3 d5 3. Bg2 Nf6 4. Nf3 Nbd7 5. d3 Be7 6. O-O O-O 7. Nc3 b6 8. cxd5
Nxd5 9. Nxd5 exd5 10. Nd4 Bb7 11. Qc2 c5 12. Nf5 Re8 13. b3 Bf6 14. Bb2 Bxb2
15. Qxb2 Qf6 16. Qxf6 Nxf6 17. Nd6 Re7 18. Nxb7 Rxb7 19. Rfc1 Kf8 20. Rc2 a5
21. Rd1 1/2-1/2

[Event "18th CRO-chT"]
[Site "Sibenik CRO"]
[Date "2009.09.25"]
[Round "5.43"]
[White "Ljubicic, Filip"]
[Black "Saric, Ivan"]
[Result "0-1"]
[WhiteElo "2374"]
[BlackElo "2573"]
[PlyCount "72"]
[EventDate "2009.09.21"]
[EventType "team"]
[EventRounds "9"]
[EventCountry "CRO"]

1. e4 e5 2. Nf3 d6 3. d4 exd4 4. Qxd4 a6 5. Bg5 Nc6 6. Bxd8 Nxd4 7. Nxd4 Kxd8
8. Nc3 c6 9. Bc4 Nh6 10. a4 a5 11. h3 f5 12. exf5 Nxf5 13. Nxf5 Bxf5 14. O-O-O
Kc7 15. g4 Bg6 16. f4 d5 17. Bd3 Bf7 18. Rhf1 Re8 19. Rde1 Bd6 20. Rxe8 Rxe8
21. Bxh7 Rh8 22. Bd3 Rxh3 23. f5 Rg3 24. Be2 Be5 25. Nd1 c5 26. Kd2 c4 27. Nc3
Rg2 28. Nb5+ Kb6 29. c3 Be8 30. Nd4 Bxa4 31. Rh1 Bxd4 32. cxd4 c3+ 33. Kxc3
Rxe2 34. Rh7 Re7 35. b3 Rc7+ 36. Kb2 Bb5 0-1

[Event "18th CRO-chT"]
[Site "Sibenik CRO"]
[Date "2009.09.25"]
[Round "5.45"]
[White "Bilobrk, Franjo"]
[Black "Saric, Ante"]
[Result "1/2-1/2"]
[WhiteElo "2361"]
[BlackElo "2487"]
[PlyCount "27"]
[EventDate "2009.09.21"]
[EventType "team"]
[EventRounds "9"]
[EventCountry "CRO"]

1. d4 Nf6 2. c4 e6 3. Nf3 b6 4. g3 Bb4+ 5. Bd2 Bxd2+ 6. Qxd2 Ba6 7. b3 O-O 8.
Bg2 d5 9. O-O Nbd7 10. cxd5 Ne4 11. Qc2 exd5 12. Re1 Re8 13. Nfd2 Ndf6 14. Nxe4
1/2-1/2

[Event "18th CRO-chT"]
[Site "Sibenik CRO"]
[Date "2009.09.25"]
[Round "5.51"]
[White "Fedorchuk, Sergey A"]
[Black "Zufic, Miroslav"]
[Result "1/2-1/2"]
[WhiteElo "2643"]
[BlackElo "2461"]
[PlyCount "66"]
[EventDate "2009.09.21"]
[EventType "team"]
[EventRounds "9"]
[EventCountry "CRO"]

1. e4 c5 2. Nf3 d6 3. d4 cxd4 4. Nxd4 Nf6 5. Nc3 a6 6. h3 e6 7. g4 Be7 8. Bg2
Nfd7 9. g5 Nc6 10. h4 Qb6 11. Nde2 Qc7 12. h5 b5 13. Ng3 b4 14. Nce2 Bb7 15. f4
O-O-O 16. Be3 d5 17. exd5 Nb6 18. Bxb6 Qxb6 19. Qd3 Na5 20. O-O-O Bxd5 21. Bxd5
Rxd5 22. Qe4 Rhd8 23. Rxd5 Rxd5 24. b3 h6 25. gxh6 gxh6 26. Kb1 f5 27. Qf3 Bf6
28. Rc1 Nc6 29. c4 Rd2 30. Rc2 Rd1+ 31. Rc1 Rd2 32. Rc2 Rd1+ 33. Rc1 Rd2
1/2-1/2

[Event "18th CRO-chT"]
[Site "Sibenik CRO"]
[Date "2009.09.25"]
[Round "5.54"]
[White "Fercec, Nenad"]
[Black "Klaric, Zlatko"]
[Result "1-0"]
[WhiteElo "2463"]
[BlackElo "2405"]
[PlyCount "131"]
[EventDate "2009.09.21"]
[EventType "team"]
[EventRounds "9"]
[EventCountry "CRO"]

1. e4 c6 2. d4 g6 3. Nc3 d5 4. e5 h5 5. Be3 Qb6 6. Qd2 Qxb2 7. Rb1 Qa3 8. Nf3
Qa5 9. Bd3 e6 10. O-O b6 11. Ng5 Ba6 12. Rb3 Bxd3 13. cxd3 Nh6 14. Qe2 Nf5 15.
Qf3 Be7 16. h3 h4 17. Qg4 b5 18. a3 Qd8 19. Bd2 a5 20. Ne2 a4 21. Rc3 b4 22.
axb4 Bxb4 23. Rc2 Bxd2 24. Rxd2 Nd7 25. Ra2 Qe7 26. Rb1 c5 27. Rb7 cxd4 28. Nf4
Ng7 29. Nf3 Kf8 30. Nxd4 Nxe5 31. Nxg6+ Nxg6 32. Rxe7 Nxe7 33. Qd1 Ngf5 34. Nf3
Ng6 35. Rxa4 Rxa4 36. Qxa4 Rg8 37. Qb4+ Kg7 38. Qb7 Kf6 39. Qb2+ Ke7 40. Nh2 d4
41. Ng4 Kf8 42. Nf6 Rh8 43. Qc1 Kg7 44. Qg5 Ra8 45. Ne4 Kg8 46. Kh2 Rf8 47. Qf6
Nge7 48. Qg5+ Ng6 49. g4 hxg3+ 50. fxg3 Ra8 51. h4 Kf8 52. Qf6 Ne3 53. Kh3 Nd5
54. Qxd4 Rd8 55. Kh2 e5 56. Qf2 Ke7 57. Qa7+ Rd7 58. Qc5+ Kd8 59. Nd6 Nc7 60.
h5 Nf8 61. Qxe5 Re7 62. Qh8 Nce6 63. Nf5 Rd7 64. d4 Rd5 65. Qf6+ Kc7 66. h6 1-0

[Event "18th CRO-chT"]
[Site "Sibenik CRO"]
[Date "2009.09.25"]
[Round "5.55"]
[White "Muse, Drazen"]
[Black "Glavas, Dragan"]
[Result "1/2-1/2"]
[WhiteElo "2367"]
[BlackElo "2359"]
[PlyCount "41"]
[EventDate "2009.09.21"]
[EventType "team"]
[EventRounds "9"]
[EventCountry "CRO"]

1. d4 d5 2. Bg5 h6 3. Bh4 c6 4. e3 Qb6 5. b3 e5 6. Nf3 e4 7. Nfd2 Ne7 8. c4 Nf5
9. Bg3 Nxg3 10. hxg3 Be6 11. Nc3 Nd7 12. Be2 Qd8 13. a3 Bd6 14. b4 Qb8 15. Nb3
dxc4 16. Na5 Nf6 17. Bxc4 Bf5 18. Ne2 Qc7 19. Rc1 Qd7 20. Nf4 O-O 21. Be2
1/2-1/2

[Event "18th CRO-chT"]
[Site "Sibenik CRO"]
[Date "2009.09.25"]
[Round "5.56"]
[White "Novak, Danijel"]
[Black "Kutuzovic, Branko"]
[Result "0-1"]
[WhiteElo "2372"]
[BlackElo "2321"]
[PlyCount "104"]
[EventDate "2009.09.21"]
[EventType "team"]
[EventRounds "9"]
[EventCountry "CRO"]

1. e4 c5 2. Nf3 d6 3. d4 cxd4 4. Nxd4 Nf6 5. Nc3 a6 6. Bc4 e6 7. Bb3 Nbd7 8. f4
Nc5 9. Qf3 b5 10. f5 Bd7 11. a3 Nxb3 12. cxb3 Rc8 13. Be3 Be7 14. O-O O-O 15.
Rad1 Qc7 16. g4 Qb7 17. g5 Rxc3 18. bxc3 Nxe4 19. Qg2 e5 20. Ne2 d5 21. g6 Bf6
22. Rd3 Bc6 23. Qg4 Qe7 24. b4 Rd8 25. Ng3 Nxg3 26. Qxg3 d4 27. Bf2 Be4 28.
Rdd1 hxg6 29. fxg6 Bxg6 30. cxd4 exd4 31. Rfe1 Qd7 32. Qf4 d3 33. Be3 Re8 34.
Bc5 Re6 35. Qb8+ Kh7 36. Qf4 Qd5 37. Re3 Rxe3 38. Qxe3 Qf5 39. Qg3 Qh5 40. Rd2
Bc3 41. Qf4 Be5 42. Qe3 Bf6 43. Qg3 Bh4 44. Qg2 Qe5 45. Bf2 Bg5 46. Qh3+ Bh6
47. Qh4 f6 48. Bd4 Qe6 49. Rd1 Kg8 50. Re1 Qc4 51. Qf2 d2 52. Rd1 Qc1 0-1

[Event "18th CRO-chT"]
[Site "Sibenik CRO"]
[Date "2009.09.26"]
[Round "6.11"]
[White "Eljanov, Pavel"]
[Black "Zufic, Miroslav"]
[Result "1-0"]
[WhiteElo "2717"]
[BlackElo "2461"]
[PlyCount "73"]
[EventDate "2009.09.21"]
[EventType "team"]
[EventRounds "9"]
[EventCountry "CRO"]

1. d4 Nf6 2. c4 c5 3. d5 e6 4. Nc3 exd5 5. cxd5 d6 6. Nf3 g6 7. Bf4 a6 8. a4
Qe7 9. e3 Bg7 10. h3 O-O 11. Be2 Nh5 12. Bh2 f5 13. O-O f4 14. exf4 Nxf4 15.
Re1 Nd7 16. Bxa6 Ne5 17. Bf1 Qf7 18. Ng5 Qe7 19. Nce4 h6 20. Ne6 Bxe6 21. dxe6
Rad8 22. Bxf4 Rxf4 23. Qd2 g5 24. Qd5 Nc6 25. g3 Nb4 26. Qc4 Rff8 27. Rad1 Bxb2
28. Nxc5 Nc6 29. Nd7 Ne5 30. Nxe5 Bxe5 31. Bg2 Rc8 32. Qd3 Rc7 33. Rb1 Qf6 34.
Re2 Bd4 35. e7 Rxe7 36. Rxe7 Bxf2+ 37. Kh2 1-0

[Event "18th CRO-chT"]
[Site "Sibenik CRO"]
[Date "2009.09.26"]
[Round "6.22"]
[White "Khenkin, Igor"]
[Black "Markus, Robert"]
[Result "1/2-1/2"]
[WhiteElo "2613"]
[BlackElo "2608"]
[PlyCount "27"]
[EventDate "2009.09.21"]
[EventType "team"]
[EventRounds "9"]
[EventCountry "CRO"]

1. d4 Nf6 2. c4 g6 3. Nc3 Bg7 4. e4 d6 5. f3 a6 6. Be3 c6 7. e5 Nfd7 8. exd6
exd6 9. Qd2 O-O 10. O-O-O Nf6 11. Bh6 Re8 12. Bxg7 Kxg7 13. g4 b5 14. h4
1/2-1/2

[Event "18th CRO-chT"]
[Site "Sibenik CRO"]
[Date "2009.09.26"]
[Round "6.24"]
[White "Klaric, Zlatko"]
[Black "Jovanic, Ognjen"]
[Result "1-0"]
[WhiteElo "2405"]
[BlackElo "2543"]
[PlyCount "99"]
[EventDate "2009.09.21"]
[EventType "team"]
[EventRounds "9"]
[EventCountry "CRO"]

1. d4 d5 2. Nd2 Nf6 3. e3 Bf5 4. Ne2 e6 5. Ng3 Bg6 6. h4 h6 7. h5 Bh7 8. Bd3
Bxd3 9. cxd3 c5 10. Nf3 Nc6 11. Bd2 cxd4 12. Nxd4 Nxd4 13. exd4 Bd6 14. Qa4+
Qd7 15. Qxd7+ Kxd7 16. O-O-O Rac8+ 17. Kb1 Rc6 18. Ne2 Re8 19. f3 e5 20. dxe5
Bxe5 21. d4 Bc7 22. Nc3 Rc4 23. g4 Kc6 24. g5 hxg5 25. Bxg5 Re6 26. Bxf6 Rxf6
27. Ne2 Re6 28. b3 Rb4 29. Rc1+ Kd7 30. Nc3 Bd6 31. Rh4 Be5 32. Rd1 Bf6 33. Rf4
Rd6 34. Kc2 a6 35. Na4 Ke7 36. a3 Rb5 37. Re1+ Re6 38. Rxe6+ fxe6 39. Rg4 Kd6
40. b4 a5 41. Kb3 axb4 42. axb4 e5 43. h6 gxh6 44. Rg6 Ke6 45. Nc3 Rb6 46.
Rxf6+ Kxf6 47. Nxd5+ Kf5 48. Nxb6 h5 49. d5 h4 50. Nc4 1-0

[Event "18th CRO-chT"]
[Site "Sibenik CRO"]
[Date "2009.09.26"]
[Round "6.25"]
[White "Saric, Ante"]
[Black "Muse, Drazen"]
[Result "1/2-1/2"]
[WhiteElo "2487"]
[BlackElo "2367"]
[PlyCount "55"]
[EventDate "2009.09.21"]
[EventType "team"]
[EventRounds "9"]
[EventCountry "CRO"]

1. d4 d5 2. c4 c6 3. Nf3 Nf6 4. e3 Bg4 5. h3 Bxf3 6. Qxf3 e6 7. Bd3 Nbd7 8. Nc3
Bb4 9. Bd2 O-O 10. a3 Bd6 11. cxd5 cxd5 12. O-O a6 13. Qe2 Re8 14. f4 Rc8 15.
g4 Nb6 16. g5 Nfd7 17. b3 f5 18. Rfc1 Qe7 19. a4 Nb8 20. Qe1 Nc6 21. Na2 g6 22.
Rc2 Na7 23. Rac1 Rxc2 24. Rxc2 Rc8 25. Qc1 Rxc2 26. Qxc2 Qd7 27. h4 Nc6 28. Kf2
1/2-1/2

[Event "18th CRO-chT"]
[Site "Sibenik CRO"]
[Date "2009.09.26"]
[Round "6.33"]
[White "Jovanovic, Zoran"]
[Black "Sale, Srdjan"]
[Result "1/2-1/2"]
[WhiteElo "2535"]
[BlackElo "2402"]
[PlyCount "35"]
[EventDate "2009.09.21"]
[EventType "team"]
[EventRounds "9"]
[EventCountry "CRO"]

1. e4 e5 2. Nf3 Nc6 3. Bb5 f5 4. Bxc6 dxc6 5. Nc3 Nf6 6. Qe2 fxe4 7. Nxe4 Bg4
8. h3 Bxf3 9. Qxf3 Nxe4 10. Qxe4 Qd5 11. d3 Bc5 12. Be3 Qxe4 13. dxe4 Bxe3 14.
fxe3 Rf8 15. Ke2 Ke7 16. Rhf1 Rxf1 17. Rxf1 a5 18. h4 1/2-1/2

[Event "18th CRO-chT"]
[Site "Sibenik CRO"]
[Date "2009.09.26"]
[Round "6.34"]
[White "Plenkovic, Zdenko"]
[Black "Sermek, Drazen"]
[Result "1/2-1/2"]
[WhiteElo "2370"]
[BlackElo "2530"]
[PlyCount "60"]
[EventDate "2009.09.21"]
[EventType "team"]
[EventRounds "9"]
[EventCountry "CRO"]

1. e4 c5 2. Nf3 e6 3. d4 cxd4 4. Nxd4 Nf6 5. Nc3 Nc6 6. Nxc6 bxc6 7. e5 Nd5 8.
Ne4 Qc7 9. f4 Qb6 10. c4 Bb4+ 11. Ke2 f5 12. exf6 Nxf6 13. Be3 Qa5 14. Nxf6+
gxf6 15. Kf2 O-O 16. Bd3 Rf7 17. a3 Bc5 18. b4 Bxe3+ 19. Kxe3 Qc7 20. c5 a5 21.
Bc4 axb4 22. axb4 Rxa1 23. Qxa1 d5 24. cxd6 Qxd6 25. Qc3 Kg7 26. Be2 Rb7 27.
Rd1 Qxb4 28. Qxb4 Rxb4 29. Rd8 Bb7 30. Bf3 Rb3+ 1/2-1/2

[Event "18th CRO-chT"]
[Site "Sibenik CRO"]
[Date "2009.09.26"]
[Round "6.36"]
[White "Zelic, Mladen"]
[Black "Sulava, Nenad"]
[Result "0-1"]
[WhiteElo "2305"]
[BlackElo "2540"]
[PlyCount "40"]
[EventDate "2009.09.21"]
[EventType "team"]
[EventRounds "9"]
[EventCountry "CRO"]

1. e4 e5 2. f4 exf4 3. Nf3 g5 4. Bc4 Bg7 5. O-O d6 6. d4 h6 7. c3 Nc6 8. Qa4
Bd7 9. Qb3 Qe7 10. Qxb7 Rb8 11. Qa6 Nf6 12. d5 Ne5 13. Nxe5 dxe5 14. Qxa7 O-O
15. b3 Nxe4 16. Ba3 Qd8 17. d6 Nxd6 18. Rd1 Bg4 19. Rd5 Be6 20. Rc5 Nxc4 0-1

[Event "18th CRO-chT"]
[Site "Sibenik CRO"]
[Date "2009.09.26"]
[Round "6.41"]
[White "Malakhov, Vladimir"]
[Black "Tiviakov, Sergei"]
[Result "1/2-1/2"]
[WhiteElo "2715"]
[BlackElo "2670"]
[PlyCount "101"]
[EventDate "2009.09.21"]
[EventType "team"]
[EventRounds "9"]
[EventCountry "CRO"]

1. d4 Nf6 2. c4 e6 3. Nc3 Bb4 4. e3 O-O 5. Nge2 d5 6. a3 Be7 7. cxd5 exd5 8.
Nf4 c6 9. Bd3 Re8 10. O-O Nbd7 11. Bc2 Nb6 12. b3 Bd6 13. Bb2 Ne4 14. Nce2 Bf5
15. f3 Bxf4 16. Nxf4 Nd6 17. Re1 Qg5 18. Bc1 Bxc2 19. Qxc2 Qf6 20. Qf2 Nd7 21.
Bd2 Nf8 22. Rad1 Ng6 23. Nd3 Rad8 24. a4 Qf5 25. Bb4 h6 26. Bxd6 Rxd6 27. b4
Rde6 28. Nc5 R6e7 29. h4 Qf6 30. g3 Nf8 31. Kg2 Qd6 32. Qd2 Qc7 33. a5 Ne6 34.
Nd3 Qd6 35. Ne5 Nc7 36. g4 Nb5 37. g5 Na3 38. Rc1 hxg5 39. hxg5 Rxe5 40. dxe5
Qxe5 41. e4 Nc4 42. f4 Nxd2 43. fxe5 Nxe4 44. a6 bxa6 45. Rxc6 Rxe5 46. g6 Rg5+
47. Kf3 fxg6 48. Rxa6 Rg3+ 49. Kf4 Rb3 50. Rxa7 Rxb4 51. Ke5 1/2-1/2

[Event "18th CRO-chT"]
[Site "Sibenik CRO"]
[Date "2009.09.26"]
[Round "6.43"]
[White "Lalic, Bogdan"]
[Black "Postny, Evgeny"]
[Result "1/2-1/2"]
[WhiteElo "2495"]
[BlackElo "2651"]
[PlyCount "81"]
[EventDate "2009.09.21"]
[EventType "team"]
[EventRounds "9"]
[EventCountry "CRO"]

1. d4 d5 2. c4 c6 3. Nf3 Nf6 4. Nc3 dxc4 5. a4 e6 6. e3 c5 7. Bxc4 cxd4 8. exd4
Be7 9. O-O Nc6 10. Be3 O-O 11. Ne5 Nb4 12. Qf3 Nfd5 13. Rac1 Rb8 14. Rfd1 Bd7
15. Nxd5 Nxd5 16. Bxd5 exd5 17. Nxd7 Qxd7 18. Bf4 Rbc8 19. Qb3 a6 20. h3 h6 21.
Be5 Rfe8 22. Rc3 Bg5 23. Rdd3 Kh7 24. g4 f6 25. Qc2 Kh8 26. Bg3 f5 27. Be5 fxg4
28. Rg3 Rxc3 29. bxc3 gxh3 30. f4 Rxe5 31. fxe5 Bf4 32. Rg6 Qf7 33. Qd3 Bg5 34.
Rxg5 h2+ 35. Kxh2 hxg5 36. Qh3+ Kg8 37. Qc8+ Kh7 38. Qh3+ Kg6 39. Qd3+ Kh6 40.
Qh3+ Kg6 41. Qd3+ 1/2-1/2

[Event "18th CRO-chT"]
[Site "Sibenik CRO"]
[Date "2009.09.26"]
[Round "6.44"]
[White "Dizdar, Goran"]
[Black "Kovacevic, Vlatko"]
[Result "1/2-1/2"]
[WhiteElo "2563"]
[BlackElo "2505"]
[PlyCount "91"]
[EventDate "2009.09.21"]
[EventType "team"]
[EventRounds "9"]
[EventCountry "CRO"]

1. d4 d5 2. c4 e6 3. Nf3 Nd7 4. Nc3 Ngf6 5. Bf4 a6 6. c5 Nh5 7. e3 Nxf4 8. exf4
g6 9. h4 h5 10. Bd3 c6 11. Qe2 Bg7 12. O-O O-O 13. Rac1 a5 14. Na4 b6 15. cxb6
Nxb6 16. Nc5 Qf6 17. g3 Nd7 18. Na4 Bb7 19. Ne5 Qe7 20. Nxd7 Qxd7 21. Nb6 Qd6
22. Nxa8 Bxd4 23. Qd2 e5 24. fxe5 Qxe5 25. Qg5 Rxa8 26. Qxe5 Bxe5 27. Rfe1 Bf6
28. b3 Kf8 29. Rc2 Be7 30. Rce2 Bb4 31. Rc1 Rd8 32. Kg2 Rd6 33. f4 f5 34. Kf2
Kf7 35. Rcc2 Rd7 36. Ke3 Ke7 37. Kf2+ Kf7 38. Re5 Bd6 39. Re1 Rd8 40. Rec1 Re8
41. Re2 Rd8 42. Ke3 Ra8 43. Rec2 Ba3 44. Re1 Bb4 45. Rec1 Ba3 46. Re1 1/2-1/2

[Event "18th CRO-chT"]
[Site "Sibenik CRO"]
[Date "2009.09.26"]
[Round "6.45"]
[White "Muse, Mladen"]
[Black "Zelcic, Robert"]
[Result "1-0"]
[WhiteElo "2448"]
[BlackElo "2550"]
[PlyCount "81"]
[EventDate "2009.09.21"]
[EventType "team"]
[EventRounds "9"]
[EventCountry "CRO"]

1. d4 Nf6 2. c4 e6 3. Nf3 d5 4. Nc3 Bb4 5. cxd5 exd5 6. Bg5 h6 7. Bh4 g5 8. Bg3
Ne4 9. Nd2 Nxc3 10. bxc3 Bxc3 11. Rc1 Bb2 12. Bxc7 Qe7 13. Bd6 Qe6 14. Rb1 Qxd6
15. Rxb2 Nc6 16. e3 Bf5 17. Be2 O-O 18. O-O b6 19. Re1 Rac8 20. Nf1 Qa3 21. Rd2
Bg6 22. Ng3 Nb4 23. Bg4 f5 24. Bh5 Bh7 25. h4 Nxa2 26. hxg5 Rc1 27. Qe2 Rxe1+
28. Qxe1 hxg5 29. Qa1 Qc1+ 30. Rd1 Qc2 31. Nf1 Qc4 32. Nd2 Qa4 33. Nf3 Nc3 34.
Qxa4 Nxa4 35. Nxg5 Nc3 36. Rc1 Rc8 37. Kf1 Kg7 38. Ne6+ Kf6 39. Nf4 Bg8 40. Ne2
b5 41. Rxc3 1-0

[Event "18th CRO-chT"]
[Site "Sibenik CRO"]
[Date "2009.09.26"]
[Round "6.46"]
[White "Zaja, Ivan"]
[Black "Armanda, Ivica"]
[Result "1-0"]
[WhiteElo "2449"]
[BlackElo "2345"]
[PlyCount "93"]
[EventDate "2009.09.21"]
[EventType "team"]
[EventRounds "9"]
[EventCountry "CRO"]

1. d4 Nf6 2. c4 g6 3. Nc3 Bg7 4. e4 d6 5. f3 O-O 6. Be3 Nc6 7. Nge2 a6 8. Qd2
Rb8 9. Rc1 Bd7 10. Nd1 e6 11. Nf2 b5 12. c5 Re8 13. Nd3 e5 14. d5 Nd4 15. c6
Bc8 16. Ng3 h5 17. Bg5 Bf8 18. Ne2 Be7 19. Be3 h4 20. Nf2 Nxe2 21. Bxe2 Nh5 22.
Rg1 Nf4 23. Bf1 Nh5 24. g3 hxg3 25. hxg3 f6 26. Be2 Kf7 27. f4 Ng7 28. g4 exf4
29. Bxf4 Rh8 30. Rc3 Rh7 31. Rf3 Kg8 32. Qe3 Ra8 33. Rh3 Rxh3 34. Qxh3 Kf7 35.
Qh6 a5 36. Bd3 Qg8 37. Be3 Ne8 38. Qf4 b4 39. g5 Ba6 40. Ng4 Qg7 41. Bxa6 Rxa6
42. Nh6+ Kf8 43. Bd4 Bd8 44. Rf1 Qh7 45. Qg4 f5 46. exf5 Qe7+ 47. Kd1 1-0

[Event "18th CRO-chT"]
[Site "Sibenik CRO"]
[Date "2009.09.26"]
[Round "6.52"]
[White "Ruck, Robert"]
[Black "Cvitan, Ognjen"]
[Result "1/2-1/2"]
[WhiteElo "2548"]
[BlackElo "2516"]
[PlyCount "41"]
[EventDate "2009.09.21"]
[EventType "team"]
[EventRounds "9"]
[EventCountry "CRO"]

1. Nf3 Nf6 2. c4 g6 3. d4 Bg7 4. g3 c6 5. Nc3 d5 6. Qb3 O-O 7. Bg2 Qb6 8. O-O
Bf5 9. Ne5 Be6 10. Qd1 Qd8 11. cxd5 Nxd5 12. Na4 Na6 13. Nf3 h6 14. h3 Qd7 15.
Kh2 Rfd8 16. Bd2 Nb6 17. Nxb6 axb6 18. Qc2 c5 19. dxc5 Nxc5 20. Bc3 Qa4 21. b3
1/2-1/2

[Event "18th CRO-chT"]
[Site "Sibenik CRO"]
[Date "2009.09.26"]
[Round "6.55"]
[White "Lenic, Luka"]
[Black "Kovacevic, Blazimir"]
[Result "1-0"]
[WhiteElo "2575"]
[BlackElo "2425"]
[PlyCount "157"]
[EventDate "2009.09.21"]
[EventType "team"]
[EventRounds "9"]
[EventCountry "CRO"]

1. d4 d5 2. Nf3 Nf6 3. c4 c6 4. e3 a6 5. Qc2 Bg4 6. Ne5 Bh5 7. Qb3 Qc7 8. cxd5
cxd5 9. Nc3 e6 10. Bd2 Nc6 11. Rc1 Bd6 12. Nxc6 bxc6 13. Na4 O-O 14. Bd3 Bg6
15. h3 Rab8 16. Qc2 Bxd3 17. Qxd3 Ne4 18. O-O Qb7 19. Rfd1 Rfc8 20. Be1 c5 21.
dxc5 Nxc5 22. Nxc5 Bxc5 23. Rc2 Bb4 24. Bxb4 Rxc2 25. Qxc2 Qxb4 26. Rc1 h6 27.
b3 a5 28. Qc6 d4 29. exd4 Qxd4 30. Qc3 Qa7 31. Rd1 Qb6 32. Rd7 Rd8 33. Qd2 Rxd7
34. Qxd7 g5 35. Qc8+ Kh7 36. Qc3 Qd8 37. g3 Kg6 38. a3 Qd1+ 39. Kg2 Qd5+ 40.
Qf3 Qd4 41. Qa8 Qb6 42. Qg8+ Kf6 43. Qh8+ Kg6 44. Qc3 f5 45. b4 axb4 46. Qxb4
Qc6+ 47. Kg1 f4 48. gxf4 Qc1+ 49. Kg2 gxf4 50. Qe4+ Kf6 51. a4 Qc7 52. Qa8 Kf5
53. a5 Qg7+ 54. Kh2 Qc7 55. Qf3 Qa7 56. Kg2 e5 57. Qd5 Qg7+ 58. Kf3 Qa7 59.
Qe4+ Ke6 60. Qc6+ Kf5 61. a6 Qd4 62. Qc8+ Kf6 63. Qb7 Qd3+ 64. Kg2 e4 65. Qc6+
Kg5 66. Qc5+ Kg6 67. Qc6+ Kg5 68. a7 Qf3+ 69. Kg1 Qd1+ 70. Kh2 Qd4 71. h4+ Kh5
72. Qe8+ Kxh4 73. Qe7+ Kg4 74. Qe6+ Kf3 75. Qh3+ Ke2 76. a8=Q f3 77. Qa2+ Ke1
78. Qb1+ Kd2 79. Qxh6+ 1-0

[Event "18th CRO-chT"]
[Site "Sibenik CRO"]
[Date "2009.09.27"]
[Round "7.14"]
[White "Jankovic, Alojzije"]
[Black "Rogic, Davor"]
[Result "0-1"]
[WhiteElo "2548"]
[BlackElo "2542"]
[PlyCount "98"]
[EventDate "2009.09.21"]
[EventType "team"]
[EventRounds "9"]
[EventCountry "CRO"]

1. d4 d5 2. c4 c6 3. Nf3 Nf6 4. e3 Bf5 5. Nc3 e6 6. Nh4 Bg6 7. Be2 Nbd7 8. O-O
Bd6 9. g3 Qe7 10. Bd2 dxc4 11. Nxg6 hxg6 12. Bxc4 e5 13. f4 e4 14. Kg2 Nb6 15.
Be2 Rd8 16. Na4 Nbd5 17. Rc1 Nd7 18. h4 Rc8 19. a3 N7f6 20. b4 O-O 21. Nc5 Rfd8
22. Qb3 b6 23. Na6 Qe6 24. Qd1 Bf8 25. g4 Ne7 26. Kg3 Ned5 27. g5 Nd7 28. Bc4
c5 29. Qb3 Nb8 30. Nxb8 Rxb8 31. dxc5 b5 32. Be2 Nxf4 33. Qxe6 Nxe2+ 34. Kf2
Rxd2 35. Qe5 Nxc1+ 36. Kg3 Ne2+ 37. Kg4 Rbd8 38. c6 Bd6 39. Qxe4 Ng3 40. Qf3
Nxf1 41. Qxf1 a6 42. Qc1 Bc7 43. Qc5 R2d6 44. Kf3 Re8 45. Qa7 Rxc6 46. Qb7 Rc3
47. Qxa6 Rcxe3+ 48. Kg2 Re2+ 49. Kf1 Bg3 0-1

[Event "18th CRO-chT"]
[Site "Sibenik CRO"]
[Date "2009.09.27"]
[Round "7.15"]
[White "Kovacevic, Blazimir"]
[Black "Hulak, Krunoslav"]
[Result "0-1"]
[WhiteElo "2425"]
[BlackElo "2520"]
[PlyCount "70"]
[EventDate "2009.09.21"]
[EventType "team"]
[EventRounds "9"]
[EventCountry "CRO"]

1. c4 c5 2. Nf3 Nc6 3. Nc3 Nf6 4. g3 g6 5. Bg2 Bg7 6. d4 O-O 7. O-O d6 8. dxc5
dxc5 9. Be3 Qa5 10. Qb3 Ng4 11. Bf4 Nd4 12. Nxd4 cxd4 13. Qb5 Qd8 14. Ne4 e5
15. Bd2 f5 16. Ba5 b6 17. Nd6 Be6 18. Bb4 e4 19. Nxe4 fxe4 20. Bxf8 Qxf8 21.
Bxe4 Rd8 22. Rad1 Ne5 23. b3 Bh3 24. Bd5+ Kh8 25. Rxd4 Nf3+ 26. Bxf3 Bxd4 27.
Bg2 Bg4 28. e3 Bc5 29. Bd5 Qf5 30. b4 Rxd5 31. cxd5 Bf8 32. f3 Bh3 33. e4 Qe5
34. Re1 Qd4+ 35. Kh1 Qf2 0-1

[Event "18th CRO-chT"]
[Site "Sibenik CRO"]
[Date "2009.09.27"]
[Round "7.16"]
[White "Biti, Ozren"]
[Black "Zivkovic, Vjekoslav"]
[Result "1/2-1/2"]
[WhiteElo "2381"]
[BlackElo "2413"]
[PlyCount "55"]
[EventDate "2009.09.21"]
[EventType "team"]
[EventRounds "9"]
[EventCountry "CRO"]

1. e4 c5 2. d3 g6 3. g3 Bg7 4. Bg2 Nc6 5. f4 e6 6. Nf3 Nge7 7. c3 d5 8. e5 Nf5
9. O-O h5 10. Na3 Bf8 11. Nc2 d4 12. c4 a6 13. Ng5 Bd7 14. Ne4 Be7 15. Re1 b5
16. b3 Kf8 17. Bd2 Rb8 18. Rb1 Kg7 19. Qe2 Qb6 20. Qf1 Bc8 21. Rec1 Bb7 22. Qe1
Ba8 23. a3 bxc4 24. bxc4 Qc7 25. Na1 Rxb1 26. Rxb1 Rb8 27. Qc1 Ne3 28. Bf3
1/2-1/2

[Event "18th CRO-chT"]
[Site "Sibenik CRO"]
[Date "2009.09.27"]
[Round "7.24"]
[White "Golubovic, Boris"]
[Black "Dizdar, Goran"]
[Result "1/2-1/2"]
[WhiteElo "2381"]
[BlackElo "2563"]
[PlyCount "25"]
[EventDate "2009.09.21"]
[EventType "team"]
[EventRounds "9"]
[EventCountry "CRO"]

1. c4 e6 2. Nc3 Nf6 3. e4 d5 4. e5 d4 5. exf6 dxc3 6. bxc3 Qxf6 7. Nf3 e5 8. d4
exd4 9. Bg5 Qe6+ 10. Be2 Be7 11. cxd4 Bxg5 12. Nxg5 Qf6 13. Ne4 1/2-1/2

[Event "18th CRO-chT"]
[Site "Sibenik CRO"]
[Date "2009.09.27"]
[Round "7.25"]
[White "Zaja, Ivan"]
[Black "Lenic, Luka"]
[Result "1/2-1/2"]
[WhiteElo "2449"]
[BlackElo "2575"]
[PlyCount "42"]
[EventDate "2009.09.21"]
[EventType "team"]
[EventRounds "9"]
[EventCountry "CRO"]

1. d4 Nf6 2. c4 e6 3. Nf3 b6 4. g3 Bb7 5. Bg2 Be7 6. O-O O-O 7. Re1 c5 8. d5
exd5 9. Nh4 Ne4 10. cxd5 Bxh4 11. Bxe4 Bf6 12. Nc3 d6 13. Bg2 Re8 14. Ne4 Be7
15. h4 Na6 16. Nc3 Nc7 17. Qb3 Bf6 18. a4 Rb8 19. Nb5 Nxb5 20. axb5 Ra8 21. e4
a5 1/2-1/2